000 00597nam a22001937a 4500
003 OSt
005 20250205122719.0
008 110412s1985 dr 000 0 spa d
040 _aDO-SdBNP
_bspa
_cBNPHU
082 _axxxx
_bxxxx
100 1 _aDotel Matos, Héctor
_91202
245 1 0 _aEnsayos criminológicos /
_cHéctor Dotel Matos ; prólogo Cesar R. Pina Toribio
260 _aSanto Domingo :
_bUniversidad Iberoamericana,
_c1985.
300 _a44 p. ;
_c21 cm.
590 _aInventariado, 2020/ YL
700 1 2 _aPina Toribio, César
_eprol.
_916867
910 _aYLockward
942 _2ddc
_cLF2
999 _c49168
_d49168